| 000 | 00736nam a2200193 a 4500 | ||
|---|---|---|---|
| 008 | 210520s2013 ||||||||||||||||| || u | ||
| 020 | _a9781849290937 | ||
| 050 | _aJS 113 New | ||
| 100 | _aMcKinlay, Peter | ||
| 245 | 1 | 0 |
_aNew century local government: Commonwealth perspectives _cEdited by Graham Sansom; Peter McKinlay |
| 260 |
_aLondon _bCommonwealth Secretariat _c2013 |
||
| 300 | _ax, 239 pages: illustrations | ||
| 350 | _a90.06 | ||
| 650 | _aGOVERNMENT | ||
| 650 | _aLOCAL GOVERNMENT | ||
| 650 | _aDECENTRALIZATION IN GOVERNMENT | ||
| 700 | _aSansom, Graham | ||
| 995 |
_FCBU-MAIN LIBRARY (Kitwe) _I90.06 _M1 _UAVAILABLE _WMay 21, 2021 _ZMain Library Open Access Collection |
||
| 999 |
_c52098 _d52098 |
||